000
00253nam a2200097Ia 4500
001
1220652
005
20250827092814.0
008
250824s9999 xx 000 0 und d
245
0
_a
İKİNCİ LEKENİN ESRARI
_c
SHERLOCK HOLMES
260
_b
MARTI YAYINCILIK
999
_c
1220652
_d
1220652